Environmental statistics and data
This easy-to-understand introduction emphasizes the areas of probability theory and statistics that are important in environmental monitoring, data analysis, research, environmental field surveys, and environmental decision making. It communicates basic statistical theory with very little abstract m...
Đã lưu trong:
| 主要作者: | |
|---|---|
| 格式: | 圖書 |
| 語言: | Undetermined |
| 出版: |
Boca Raton
Lewis Publishers
1995
|
| 主題: | |
| 標簽: |
添加標簽
沒有標簽, 成為第一個標記此記錄!
|
| Thư viện lưu trữ: | Trung tâm Học liệu Trường Đại học Cần Thơ |
|---|
| LEADER | 01817nam a2200205Ia 4500 | ||
|---|---|---|---|
| 001 | CTU_141720 | ||
| 008 | 210402s9999 xx 000 0 und d | ||
| 082 | |a 363.7 | ||
| 082 | |b O.89 | ||
| 100 | |a Ott, Wayne R. | ||
| 245 | 0 | |a Environmental statistics and data | |
| 245 | 0 | |c Wayne R. Ott | |
| 260 | |a Boca Raton | ||
| 260 | |b Lewis Publishers | ||
| 260 | |c 1995 | ||
| 520 | |a This easy-to-understand introduction emphasizes the areas of probability theory and statistics that are important in environmental monitoring, data analysis, research, environmental field surveys, and environmental decision making. It communicates basic statistical theory with very little abstract mathematical notation, but without omitting important details and assumptions. Topics include Bayes' Theorem, geometric distribution, computer simulation, histograms and frequency plots, maximum likelihood estimation, the tail exponential method, Bernoulli processes, Poisson processes, diffusion and dispersion of pollutants, normal distribution, confidence intervals, and stochastic dilution; gamma, chi-square, and Weibull distributions; and the two- and three-parameter lognormal distributions. The author also presents the Statistical Theory of Rollback, which allows data analysts and regulatory officials to estimate the effect of different emission control strategies on environmental quality frequency distributions.Assuming only a basic knowledge of algebra and calculus, Environmental Statistics and Data Analysis provides an outstanding reference and collection of statistical procedures for analyzing environmental data and making accurate environmental predictions | ||
| 650 | |a Environmental sciences | ||
| 650 | |x Statistical methods | ||
| 904 | |i Bạch Trúc | ||
| 980 | |a Trung tâm Học liệu Trường Đại học Cần Thơ | ||